Management:A competency based approach/ (Record no. 327)
[ view plain ]
| 000 -LEADER | |
|---|---|
| fixed length control field | 00598nam a2200217Ia 4500 |
| 003 - CONTROL NUMBER IDENTIFIER | |
| control field | OSt |
| 005 - DATE AND TIME OF LATEST TRANSACTION | |
| control field | 20230315180336.0 |
| 008 - FIXED-LENGTH DATA ELEMENTS--GENERAL INFORMATION | |
| fixed length control field | 221021s9999||||xx |||||||||||||| ||und|| |
| 020 ## - INTERNATIONAL STANDARD BOOK NUMBER | |
| International Standard Book Number | 9780324259940 |
| 040 ## - CATALOGING SOURCE | |
| Transcribing agency | Chuka University Library |
| 050 ## - LIBRARY OF CONGRESS CALL NUMBER | |
| Classification number | HD 31 |
| Item number | .H45 2005 |
| 100 ## - MAIN ENTRY--PERSONAL NAME | |
| Personal name | Hellriegel,Don |
| 9 (RLIN) | 422 |
| 245 #0 - TITLE STATEMENT | |
| Title | Management:A competency based approach/ |
| 250 ## - EDITION STATEMENT | |
| Edition statement | 10th |
| 260 ## - PUBLICATION, DISTRIBUTION, ETC. | |
| Place of publication, distribution, etc. | Boulerand |
| Name of publisher, distributor, etc. | Thomson |
| Date of publication, distribution, etc. | 2005 |
| 300 ## - PHYSICAL DESCRIPTION | |
| Extent | 524 P. |
| Other physical details | Includes References And index Pages |
| 650 ## - SUBJECT ADDED ENTRY--TOPICAL TERM | |
| Topical term or geographic name entry element | management |
| 9 (RLIN) | 2569 |
| 700 ## - ADDED ENTRY--PERSONAL NAME | |
| Personal name | Jaction, S. E. |
| 9 (RLIN) | 8852 |
| 700 ## - ADDED ENTRY--PERSONAL NAME | |
| Personal name | Siocum, J.W. |
| 9 (RLIN) | 8853 |
| 942 ## - ADDED ENTRY ELEMENTS (KOHA) | |
| Koha item type | Long Loan Books |
| Source of classification or shelving scheme | Library of Congress Classification |
| Withdrawn status | Lost status | Damaged status | Not for loan | Collection | Home library | Current library | Shelving location | Date acquired | Total Checkouts | Full call number | Barcode | Date last seen | Price effective from | Koha item type |
|---|---|---|---|---|---|---|---|---|---|---|---|---|---|---|
| General Collection Books | Main Campus Library | Main Campus Library | General Stacks | 21/10/2022 | BSL HD 31 .H45 2005 | 4778/2009 | 21/10/2022 | 21/10/2022 | Long Loan Books |
